Largest Cities in Canada - Statistics

General Stats
  • This quiz has been taken 330 times
    190 since last reset
  • The average score is 15 of 30
Answer Stats
Rank City/Town % Correct
1 Toronto, ON
99%
2 Montreal, QC
94%
4 Ottawa, ON
94%
8 Vancouver, BC
94%
3 Calgary, AB
93%
5 Edmonton, AB
92%
11 Quebec, QC
89%
7 Winnipeg, MB
80%
24 Regina, SK
72%
14 Halifax, NS
71%
21 Saskatoon, SK
69%
15 London, ON
65%
10 Hamilton, ON
63%
23 Windsor, ON
52%
6 Mississauga, ON
49%
22 Kitchener, ON
43%
9 Brampton, ON
41%
13 Laval, QC
31%
30 Sherbrooke, QC
29%
12 Surrey, BC
29%
18 Gatineau, QC
26%
29 Greater Sudbury, ON
26%
16 Markham, ON
25%
25 Richmond, BC
25%
17 Vaughan, ON
24%
20 Burnaby, BC
20%
28 Burlington, ON
19%
27 Oakville, ON
14%
19 Longueuil, QC
13%
26 Richmond Hill, ON
13%
No matching quizzes found
Score Distribution
Percent of People with Each Score
Percentile by Number Answered
Your Score History
You have not taken this quiz since the last reset